[Event "Doeberl Cup 54th"]
[Site "Canberra"]
[Date "2016.03.24"]
[Round "2"]
[White "Bliznyuk, Andrey"]
[Black "Chan, Luis"]
[Result "1-0"]
[WhiteElo "2090"]
[BlackElo "2065"]
[PlyCount "131"]
[EventDate "2016.03.24"]
[EventType "swiss"]
[EventRounds "9"]
[EventCountry "AUS"]
[SourceTitle "EXT 2018"]
[Source "ChessBase"]
[SourceDate "2017.10.13"]
[SourceVersion "1"]
[SourceVersionDate "2017.10.13"]
[SourceQuality "1"]

1. e4 e6 2. d3 d5 3. Nd2 Nf6 4. Ngf3 c5 5. g3 Nc6 6. Bg2 Be7 7. 0-0 0-0 8. Re1 Qc7 9. e5 Nd7 10. Qe2 b6 11. Nf1 Ba6 12. Bf4 c4 13. d4 Nb4 14. Qd2 Rac8 15. a3 Nc6 16. c3 Rfe8 17. h4 Qd8 18. Bh3 Kh8 19. Re2 Rg8 20. Rae1 Qe8 21. g4 Nf8 22. g5 g6 23. N1h2 Nd7 24. Ng4 Rg7 25. Nf6 Qd8 26. Nh2 Nf8 27. Nhg4 Rc7 28. Bg2 Qc8 29. Re3 Bd8 30. Ne8 Rb7 31. Nxg7 Kxg7 32. Nf6 b5 33. Ne8+ Kh8 34. Nd6 Qd7 35. Nxb7 Bxb7 36. Rh3 Ne7 37. h5 Qe8 38. Bf3 Nf5 39. Bg4 Ng7 40. Kg2 Nxh5 41. Bxh5 gxh5 42. Reh1 Ng6 43. Rxh5 Qg8 44. Rxh7+ Qxh7 45. Rxh7+ Kxh7 46. Kg3 a5 47. Be3 a4 48. f4 Ne7 49. Qh2+ Kg8 50. Kf3 Bc6 51. g6 fxg6 52. f5 Nxf5 53. Qg1 Kf7 54. Bg5 Be7 55. Bxe7 Nxe7 56. Qg5 Ke8 57. Qf6 Bd7 58. Kg4 Bc8 59. Kg5 Kd7 60. Qf7 Kd8 61. Qf8+ Kd7 62. Kf6 Nf5 63. Qc5 Kd8 64. Qxb5 Bd7 65. Qb8+ Bc8 66. Qa8 1-0

[Event "ACT-ch"]
[Site "Canberra"]
[Date "2016.02.21"]
[Round "9"]
[White "Brown, Andrew"]
[Black "Bliznyuk, Andrey"]
[Result "0-1"]
[WhiteElo "2181"]
[BlackElo "2093"]
[PlyCount "90"]
[EventDate "2016.02.12"]
[EventType "swiss"]
[EventRounds "9"]
[EventCountry "AUS"]
[SourceTitle "CBM 171 Extra"]
[Source "ChessBase"]
[SourceDate "2016.04.26"]
[SourceVersion "1"]
[SourceVersionDate "2016.04.26"]
[SourceQuality "1"]

1. d4 Nf6 2. c4 d6 3. Nc3 Nbd7 4. e4 e5 5. Nf3 Be7 6. Be2 c6 7. 0-0 0-0 8. Re1 a6 9. a4 a5 10. Bg5 Re8 11. Bf1 Qc7 12. Rb1 Nf8 13. d5 N6d7 14. Be3 Nc5 15. b4 axb4 16. Rxb4 Bg4 17. Qb1 Bxf3 18. Bxc5 dxc5 19. Rxb7 Qa5 20. Re3 Bg4 21. dxc6 Bc8 22. Rb6 Ne6 23. Qb5 Nd4 24. Qxa5 Rxa5 25. c7 Ra7 26. Nd5 Ne6 27. Rb8 Bd6 28. Rd3 Nd4 29. g3 Kf8 30. Rb6 Bxc7 31. Nxc7 Rxc7 32. a5 Ra7 33. Ra3 Ba6 34. h4 Rea8 35. f4 f6 36. f5 Ke7 37. g4 Bc8 38. g5 Rxa5 39. Rg3 fxg5 40. hxg5 Ra1 41. Rh3 R8a2 42. f6+ Kf7 43. Re3 Re1 44. Rg3 Ne2+ 45. Kf2 Rxf1+ 0-1

[Event "ACT-ch"]
[Site "Canberra"]
[Date "2016.02.13"]
[Round "3"]
[White "Bliznyuk, Andrey"]
[Black "Yuan, Ziqi"]
[Result "1-0"]
[WhiteElo "2093"]
[BlackElo "1693"]
[PlyCount "113"]
[EventDate "2016.02.12"]
[EventType "swiss"]
[EventRounds "9"]
[EventCountry "AUS"]
[SourceTitle "CBM 171 Extra"]
[Source "ChessBase"]
[SourceDate "2016.04.26"]
[SourceVersion "1"]
[SourceVersionDate "2016.04.26"]
[SourceQuality "1"]

1. e4 c6 2. d3 d5 3. Nd2 Qc7 4. g3 Nf6 5. Bg2 g6 6. f4 Bg7 7. Ngf3 0-0 8. e5 Ng4 9. Qe2 f6 10. d4 Nh6 11. 0-0 f5 12. h3 Nd7 13. Nb3 Nb6 14. Nc5 e6 15. a4 Re8 16. Ng5 Bf8 17. b3 Nf7 18. Nf3 Nd7 19. Nd3 b6 20. c4 Ba6 21. Qc2 Rac8 22. Bd2 Bb7 23. Rfc1 Qb8 24. c5 bxc5 25. dxc5 Qc7 26. b4 a6 27. Kh2 Rb8 28. Nd4 Nd8 29. b5 Ra8 30. Bb4 Nb8 31. g4 Bh6 32. Qf2 Rf8 33. gxf5 gxf5 34. Rg1 Kh8 35. Qh4 Bg7 36. Bf3 Rf7 37. Bh5 Qe7 38. Rg5 Bh6 39. Bxf7 Bxg5 40. Qxg5 Qxg5 41. fxg5 Nxf7 42. Nxe6 axb5 43. Nc7 Nxe5 44. Nxe5 Rxa4 45. Rxa4 bxa4 46. Kg3 Kg7 47. Kf4 Bc8 48. h4 Kf8 49. h5 Kg7 50. Ba3 Kf8 51. h6 Kg8 52. g6 hxg6 53. Nxg6 Kh7 54. Kg5 Bd7 55. Nf8+ Kg8 56. h7+ Kg7 57. Bb2+ 1-0

[Event "ACT-ch"]
[Site "Canberra"]
[Date "2014.03.21"]
[Round "1"]
[White "Bliznyuk, Andrey"]
[Black "Dunn, Paul1111"]
[Result "1-0"]
[WhiteElo "2159"]
[BlackElo "1143"]
[PlyCount "88"]
[EventDate "2014.03.21"]
[EventType "swiss"]
[EventRounds "9"]
[EventCountry "AUS"]
[SourceTitle "CBM 159 Extra"]
[Source "ChessBase"]
[SourceDate "2014.04.24"]
[SourceVersion "1"]
[SourceVersionDate "2014.04.24"]
[SourceQuality "1"]

1. e4 c6 2. d3 d5 3. Nd2 e5 4. Ngf3 Bd6 5. g3 Bg4 6. Bg2 Nf6 7. h3 Be6 8. 0-0 0-0 9. b3 Nbd7 10. Ng5 Re8 11. Bb2 Nb6 12. Nxe6 Rxe6 13. f4 dxe4 14. f5 Re7 15. Nxe4 Nbd5 16. Qe2 Qb6+ 17. Kh1 Bc7 18. Ba3 Ree8 19. Rf3 Rad8 20. Bc1 Nxe4 21. dxe4 Qd4 22. exd5 Qxa1 23. Rf1 Qc3 24. Rf3 Qc5 25. dxc6 bxc6 26. f6 Re6 27. fxg7 Rg6 28. Bb2 Bb6 29. Rf1 Rxg3 30. Qxe5 Qxe5 31. Bxe5 Re3 32. Bf6 Rd6 33. c4 Bc5 34. h4 Re2 35. Bf3 Rxa2 36. Be7 Rh6 37. Bxc5 Rxh4+ 38. Kg1 Kxg7 39. Rf2 Ra1+ 40. Kg2 Rb1 41. Kg3 Rh6 42. Bd4+ Kg8 43. Rb2 Rg6+ 44. Kf2 Rh1 1-0

[Event "Doeberl Cup 49th"]
[Site "Canberra"]
[Date "2011.04.22"]
[Round "4"]
[White "Bliznyuk, Andrey"]
[Black "Cameron, Alistair"]
[Result "1-0"]
[WhiteElo "2196"]
[BlackElo "1921"]
[PlyCount "55"]
[EventDate "2011.04.21"]
[EventType "swiss"]
[EventRounds "9"]
[EventCountry "AUS"]
[SourceTitle "CBM 141 Extra"]
[Source "ChessBase"]
[SourceDate "2011.05.03"]
[SourceVersion "1"]
[SourceVersionDate "2011.05.03"]
[SourceQuality "1"]

1. e4 c5 2. Nf3 d6 3. d4 cxd4 4. Nxd4 Nf6 5. Nc3 Nc6 6. Bc4 Qb6 7. Nb3 e6 8. 0-0 Be7 9. Be3 Qc7 10. Be2 0-0 11. f4 b6 12. Kh1 Bb7 13. Bf3 Rac8 14. g4 Qb8 15. g5 Nd7 16. Rg1 Qa8 17. Rg3 f5 18. gxf6 Nxf6 19. Qg1 Rf7 20. Qg2 Bf8 21. Rg1 Ne7 22. Nd2 d5 23. f5 exf5 24. e5 Ne4 25. Bxe4 dxe4 26. e6 Rf6 27. Rxg7+ Bxg7 28. Qxg7# 1-0

[Event "Doeberl Cup Major 47th"]
[Site "Canberra"]
[Date "2009.04.11"]
[Round "3"]
[White "Anderson Smith, William T"]
[Black "Bliznyuk, Andrey"]
[Result "1-0"]
[WhiteElo "1516"]
[BlackElo "1910"]
[PlyCount "115"]
[EventDate "2009.04.10"]
[EventType "swiss"]
[EventRounds "6"]
[EventCountry "AUS"]
[SourceTitle "CBM 129 Extra"]
[Source "ChessBase"]
[SourceDate "2009.05.05"]
[SourceVersion "2"]
[SourceVersionDate "2009.05.20"]
[SourceQuality "1"]

1. d4 Nf6 2. c4 d6 3. Nc3 Nbd7 4. e4 e5 5. d5 a5 6. Be2 Nc5 7. Qc2 Be7 8. h3 0-0 9. Nf3 Ne8 10. Be3 b6 11. Nd2 Bg5 12. Nd1 f5 13. Bxc5 dxc5 14. exf5 Bxf5 15. Ne4 Bxe4 16. Qxe4 Qf6 17. 0-0 Nd6 18. Qc2 Qf4 19. Ne3 Ne4 20. Nd1 Bh4 21. Bd3 Ng5 22. f3 Rf6 23. Nc3 Raf8 24. Ne4 Rh6 25. Nxg5 Bxg5 26. Rae1 Qg3 27. Qf2 Rxh3 28. Qxg3 Rxg3 29. Rxe5 Bf6 30. Re2 Bd4+ 31. Kh1 Rf6 32. Kh2 Rg5 33. g4 h5 34. Bf5 hxg4 35. fxg4 Rxg4 36. Be6+ Kh8 37. Rxf6 Rh4+ 38. Kg3 Bxf6 39. Bf5 g5 40. b3 Kg7 41. Bg4 Rh1 42. Kg2 Rc1 43. Bf5 Kf7 44. Be6+ Kg6 45. Bg4 Rc3 46. Rf2 Be5 47. Be6 Kh5 48. Kf1 a4 49. Rf7 Rc1+ 50. Kg2 Rc2+ 51. Rf2 axb3 52. axb3 Rc3 53. Rf3 Rc1 54. Bf5 g4 55. Rf2 Rc3 56. Bc2 Kh4 57. Re2 Bd4 58. Bd1 1-0

[Event "Doeberl Cup Major 47th"]
[Site "Canberra"]
[Date "2009.04.11"]
[Round "4"]
[White "Bliznyuk, Andrey"]
[Black "Pickering, Anthony"]
[Result "1/2-1/2"]
[WhiteElo "1910"]
[BlackElo "1739"]
[PlyCount "72"]
[EventDate "2009.04.10"]
[EventType "swiss"]
[EventRounds "6"]
[EventCountry "AUS"]
[SourceTitle "CBM 129 Extra"]
[Source "ChessBase"]
[SourceDate "2009.05.05"]
[SourceVersion "2"]
[SourceVersionDate "2009.05.20"]
[SourceQuality "1"]

1. Nf3 Nf6 2. g3 b6 3. Bg2 Bb7 4. 0-0 e6 5. d3 d6 6. e4 Be7 7. Nc3 0-0 8. Ne1 Nbd7 9. f4 c5 10. g4 h6 11. g5 hxg5 12. fxg5 Nh7 13. g6 fxg6 14. Qg4 Rxf1+ 15. Bxf1 Ndf8 16. Ng2 e5 17. Ne3 Nf6 18. Qg2 Ne6 19. Ned5 Nxd5 20. Nxd5 Bxd5 21. exd5 Nf4 22. Bxf4 exf4 23. Qxg6 Bf6 24. Bh3 Bd4+ 25. Kh1 Qf6 26. Qxf6 Bxf6 27. c3 Bh4 28. Be6+ Kh7 29. Kg2 g5 30. Kf3 Kg6 31. Rg1 a5 32. a4 Kf6 33. Rd1 Rb8 34. Bd7 Rb7 35. Bc8 Rc7 36. Be6 Rb7 1/2-1/2

[Event "Doeberl Cup Major 42nd"]
[Site "Canberra"]
[Date "2004.04.10"]
[Round "4"]
[White "Bliznyuk, Andrey"]
[Black "Harp, Joel"]
[Result "1-0"]
[WhiteElo "1811"]
[BlackElo "1965"]
[PlyCount "95"]
[EventDate "2004.04.09"]
[EventType "swiss"]
[EventRounds "7"]
[EventCountry "AUS"]
[SourceTitle "EXT 2006"]
[Source "ChessBase"]
[SourceDate "2005.11.24"]
[SourceVersion "1"]
[SourceVersionDate "2005.11.24"]
[SourceQuality "1"]

1. e4 c5 2. c4 d6 3. g3 b6 4. Bg2 Bb7 5. Ne2 Nf6 6. Nbc3 a6 7. d3 e6 8. 0-0 Nbd7 9. h3 Qc7 10. Be3 Be7 11. f4 0-0 12. g4 d5 13. cxd5 exd5 14. exd5 Rad8 15. g5 Ne8 16. Ng3 f5 17. a4 Nd6 18. Qb3 Qb8 19. Rae1 Rf7 20. Re2 g6 21. h4 Bf8 22. Rfe1 Bg7 23. Bf2 Re8 24. Qc2 Rxe2 25. Qxe2 Nf8 26. Nf1 Qc7 27. Nd2 Nc8 28. Qf3 Rd7 29. Nc4 Bxc3 30. bxc3 Bxd5 31. Qg3 Bxg2 32. Kxg2 Qc6+ 33. Kg1 Re7 34. Ne5 Qxa4 35. Qf3 Qe8 36. d4 cxd4 37. Qd5+ Re6 38. Bxd4 h5 39. Ra1 Ne7 40. Qb7 Qb5 41. Qxa6 Qb2 42. Qa2 Qxa2 43. Rxa2 Nd5 44. Ra8 Rd6 45. Nc4 Re6 46. Be5 Kf7 47. Nd6+ Ke7 48. Re8+ 1-0

[Event "ACT-ch op"]
[Site "Kambah"]
[Date "2000.09.26"]
[Round "9"]
[White "Bliznyuk, Andrey"]
[Black "Wright, Ian"]
[Result "0-1"]
[WhiteElo "2070"]
[BlackElo "1997"]
[PlyCount "92"]
[EventDate "2000.08.01"]
[EventType "swiss"]
[EventRounds "9"]
[EventCountry "AUS"]
[SourceTitle "EXT 2006"]
[Source "ChessBase"]
[SourceDate "2005.11.24"]
[SourceVersion "1"]
[SourceVersionDate "2005.11.24"]
[SourceQuality "1"]

1. Nf3 c5 2. g3 Nc6 3. Bg2 g6 4. 0-0 Bg7 5. e4 e6 6. Re1 Nge7 7. c3 d5 8. e5 Qc7 9. d4 0-0 10. Na3 a6 11. Bf4 c4 12. Qd2 b5 13. Bh6 Rb8 14. Bxg7 Kxg7 15. Nc2 a5 16. Ne3 b4 17. Ng4 Ng8 18. Qf4 Qe7 19. h4 h6 20. Nfh2 Ba6 21. Ne3 bxc3 22. bxc3 Rb2 23. Rab1 Rfb8 24. Rxb2 Rxb2 25. Bxd5 exd5 26. Nxd5 Qd8 27. Ne3 Nce7 28. d5 Nxd5 29. Qd4 Nge7 30. e6+ f6 31. Nxd5 Qxd5 32. Qxd5 Nxd5 33. e7 Bb5 34. e8Q Bxe8 35. Rxe8 Rxa2 36. Rc8 Ra4 37. Rc5 Nxc3 38. Rc7+ Kf8 39. Ng4 Nd5 40. Rc5 c3 41. Nh2 Rd4 42. Nf3 Rd1+ 43. Kg2 a4 44. g4 a3 45. g5 hxg5 46. hxg5 a2 0-1

[Event "ACT-ch op"]
[Site "Kambah"]
[Date "2000.09.19"]
[Round "8"]
[White "Ramakrishna, Gogulapati"]
[Black "Bliznyuk, Andrey"]
[Result "0-1"]
[WhiteElo "1779"]
[BlackElo "2070"]
[PlyCount "84"]
[EventDate "2000.08.01"]
[EventType "swiss"]
[EventRounds "9"]
[EventCountry "AUS"]
[SourceTitle "EXT 2006"]
[Source "ChessBase"]
[SourceDate "2005.11.24"]
[SourceVersion "1"]
[SourceVersionDate "2005.11.24"]
[SourceQuality "1"]

1. e4 c5 2. Nf3 d6 3. d4 cxd4 4. Nxd4 Nf6 5. Nc3 Nc6 6. Bc4 e6 7. 0-0 a6 8. Bb3 Be7 9. Kh1 Qc7 10. Be3 0-0 11. f3 Na5 12. Qe1 Nxb3 13. axb3 e5 14. Nde2 Be6 15. Rd1 Rfd8 16. Qf2 Qc6 17. Ng3 d5 18. exd5 Nxd5 19. Nxd5 Rxd5 20. c4 Rd7 21. Ne4 Rad8 22. Rc1 Rd3 23. Ng5 Bf5 24. f4 e4 25. Rfe1 h6 26. Nh3 Rxb3 27. Ng1 Rdd3 28. Bd4 Bf6 29. Be5 e3 30. Qf1 Bxe5 31. fxe5 Rxb2 32. Re2 Rxe2 33. Nxe2 Be4 34. Re1 Qxc4 35. Nf4 Rc3 36. e6 Qxf1+ 37. Rxf1 fxe6 38. Nxe6 Rc2 39. Rf8+ Kh7 40. Kg1 Rxg2+ 41. Kf1 Rf2+ 42. Rxf2 exf2 0-1

[Event "IECC CKO2 email"]
[Site "IECC email"]
[Date "2000.09.05"]
[Round "?"]
[White "Bliznyuk, Andrey"]
[Black "Wenger, Joseph"]
[Result "1/2-1/2"]
[WhiteElo "1936"]
[BlackElo "1843"]
[PlyCount "138"]
[EventDate "1996.??.??"]
[EventType "tourn (corr)"]
[EventRounds "6"]
[SourceTitle "Corr 2008"]
[Source "ChessBase"]
[SourceDate "2008.06.24"]
[SourceVersion "1"]
[SourceVersionDate "2008.06.24"]
[SourceQuality "1"]

1. e4 e6 2. d3 d5 3. Nd2 Nf6 4. Ngf3 Nc6 5. c3 a5 6. Be2 e5 7. 0-0 Be7 8. Qc2 0-0 9. Rd1 Bg4 10. Nf1 d4 11. h3 Bxf3 12. Bxf3 h6 13. Ng3 Qd7 14. Nf5 Bc5 15. Kh2 a4 16. g4 Nh7 17. h4 Rfd8 18. c4 Ne7 19. Rg1 Qc6 20. Qe2 Qb6 21. g5 hxg5 22. Bxg5 Nxg5 23. Rxg5 Nxf5 24. exf5 Be7 25. Rg4 Bf6 26. Re4 Qd6 27. Kg3 a3 28. b3 c6 29. Rh1 b5 30. Rc1 Rac8 31. Qf1 Be7 32. Rc2 bxc4 33. Rxc4 Rb8 34. Qc1 Rb6 35. Kh3 Ra8 36. Re2 Raa6 37. Qg1 Ra7 38. Qg3 Ra5 39. b4 Rab5 40. Rec2 Qd7 41. Be4 Rxb4 42. Qxe5 Rxc4 43. Rxc4 c5 44. Qd5 Qa7 45. h5 Bf8 46. Rc1 Qb8 47. Rg1 Rb2 48. Rg2 Qf4 49. Bf3 Rxa2 50. Rg4 Qd2 51. f6 Qxf2 52. Bg2 Re2 53. Qd8 Qe3+ 54. Kh4 Qe8 55. Qxe8 Rxe8 56. Bd5 Re5 57. Bc4 Rf5 58. fxg7 Be7+ 59. Kg3 Bg5 60. Re4 Bh6 61. Re7 Kxg7 62. Kg4 Rf1 63. Ra7 Bc1 64. Rc7 Rf4+ 65. Kg3 Rf5 66. Kg4 Rf1 67. Rxc5 Bd2 68. Rc7 Rf4+ 69. Kg3 Rf5 1/2-1/2

[Event "ACT-ch"]
[Site "Canberra"]
[Date "1999.10.20"]
[Round "9"]
[White "Bliznyuk, Andrey"]
[Black "Rout, Ian Clive"]
[Result "1-0"]
[WhiteElo "1949"]
[BlackElo "1854"]
[PlyCount "67"]
[EventDate "1999.08.??"]
[EventType "tourn"]
[EventRounds "9"]
[EventCountry "AUS"]
[SourceTitle "EXT 2001"]
[Source "ChessBase"]
[SourceDate "2000.11.22"]
[SourceVersion "1"]
[SourceVersionDate "2000.11.22"]
[SourceQuality "1"]

1. Nf3 c5 2. g3 e6 3. Bg2 Nc6 4. 0-0 d5 5. d3 g6 6. Nbd2 Bg7 7. e4 Nge7 8. Re1 0-0 9. e5 Qc7 10. Qe2 g5 11. Nxg5 Nxe5 12. Qh5 h6 13. Ngf3 N5g6 14. Nf1 Kh7 15. Ne3 e5 16. Ng5+ Kg8 17. Nxd5 Nxd5 18. Bxd5 Qd6 19. Bxf7+ Rxf7 20. Nxf7 Kxf7 21. Bxh6 Bxh6 22. Qxh6 Bd7 23. Qe3 Bc6 24. f3 Rg8 25. Kf1 Rh8 26. Re2 Qe6 27. Qxc5 Kg7 28. Rf2 Bxf3 29. Rxf3 Rxh2 30. Rd1 Qh3+ 31. Ke1 Qg2 32. Qf2 Qh3 33. Qe3 Rg2 34. Rd2 1-0